000 00488nam a2200193 4500
003 OSt
005 20260530113922.0
008 260520b |||||||| |||| 00| 0 spa d
040 _aICI
_bspa
_cICI
_erda
050 _aNK1390
_b.A15
100 1 _aa! Diseño
_eautor
_934756
245 _aa! Diseño
264 _aMéxico
_ba! Diseño
_c2004
300 _a96 páginas
336 _2rdacontent
_atexto
337 _2rdamedia
_asin medio
338 _2rdacarrier
_avolumen
942 _2lcc
_n1
_cBK
999 _c12493
_d12493